Catálogo
 En Linea

celebracion en Caracas el 29 de noviembre de 1969. (Registro nro. 17634)

Detalles MARC
000 -CABECERA
campo de control de longitud fija 00606cam a2200181u 4500
001 - NÚMERO DE CONTROL
campo de control 000018113
005 - FECHA Y HORA DE LA ÚLTIMA TRANSACCIÓN
campo de control 20200929165347.0
008 - DATOS DE LONGITUD FIJA--INFORMACIÓN GENERAL
campo de control de longitud fija 831201n ve c 000 0 spa
010 ## - NÚMERO DE CONTROL DE LA BIBLIOTECA DEL CONGRESO
Número de control de LC 72567856
040 ## - FUENTE DE LA CATALOGACIÓN
Centro catalogador/agencia de origen DO-SdBNP
Centro/agencia transcriptor CarP
Centro/agencia modificador DLC
050 00 - SIGNATURA TOPOGRÁFICA DE LA BIBLIOTECA DEL CONGRESO
Número de clasificación PQ8549.B3
Número de documento/Ítem Z74
110 1# - ENTRADA PRINCIPAL--NOMBRE DE ENTIDAD CORPORATIVA
Nombre de entidad corporativa o nombre de jurisdicción como elemento de entrada Natalicio de Andres Bello; [from old catalog]
9 (RLIN) 39255
245 00 - MENCIÓN DE TÍTULO
Título celebracion en Caracas el 29 de noviembre de 1969.
260 ## - PUBLICACIÓN, DISTRIBUCIÓN, ETC.
Lugar de publicación, distribución, etc. Caracas, :
Nombre del editor, distribuidor, etc. Presidencia de la Republica 1970.
300 ## - DESCRIPCIÓN FÍSICA
Extensión 46 p. :
Otras características físicas ports. ;
Dimensiones 24 cm.
600 10 - PUNTO DE ACCESO ADICIONAL DE MATERIA--NOMBRE DE PERSONA
Nombre de persona Bello, Andres,
Fechas asociadas al nombre 1781-1865
Subdivisión general Anniversaries, etc.
9 (RLIN) 39256
910 ## - DATOS DE OPCIÓN DEL USUARIO (OCLC)
Datos de opción del usuario Catalogación por copia / LC
Existencias
Estado de retiro Estado de pérdida Restricciones de uso No para préstamo Código de colección Localización permanente Ubicación/localización actual Ubicación en estantería Fecha de adquisición Número de inventario Total de préstamos Signatura topográfica completa Código de barras Fecha visto por última vez Precio válido a partir de Tipo de ítem Koha
      Excluido de préstamo Monografías: Libros y Folletos General General Depósito 15.04.2010 LF1   18113-10 25.06.2020 25.06.2020 No se presta

Con tecnología Koha